| 000 | 00421cam a2200145 4500500 | ||
|---|---|---|---|
| 005 | 20251228072956.0 | ||
| 041 | _afre | ||
| 042 | _adc | ||
| 100 | 1 | 0 |
_aRojtman, Betty _eauthor |
| 245 | 0 | 0 | _aLa métaphore du talion |
| 260 | _c2007. | ||
| 500 | _a78 | ||
| 786 | 0 | _nCités | 30 | 2 | 2007-06-01 | p. 155-171 | 1299-5495 | |
| 856 | 4 | 1 | _uhttps://shs.cairn.info/revue-cites-2007-2-page-155?lang=fr&redirect-ssocas=7080 |
| 999 |
_c1594562 _d1594562 |
||